[Event "FRA-chT U20 0405"]
[Site "Lyon"]
[Date "2004.12.18"]
[Round "4.5"]
[White "Steil Antoni, Dario"]
[Black "Friburger, Quentin"]
[Result "1-0"]
[WhiteElo "1620"]
[BlackElo "1460"]
[PlyCount "41"]
[EventDate "2004.11.??"]
[EventType "team"]
[EventRounds "7"]
[EventCountry "FRA"]
[SourceTitle "EXT 2006"]
[Source "ChessBase"]
[SourceDate "2005.11.24"]
[SourceVersion "1"]
[SourceVersionDate "2005.11.24"]
[SourceQuality "1"]
[WhiteTeam "Vandoeuvre"]
[BlackTeam "Marseille Duchamps"]
[WhiteTeamCountry "FRA"]
[BlackTeamCountry "FRA"]

1. e4 d6 2. d4 Nf6 3. Nc3 c6 4. Be3 Qc7 5. Nf3 Bg4 6. Be2 Nbd7 7. Qd2 e5 8. 0-0-0 Be7 9. Nh4 Bxe2 10. Qxe2 Nxe4 11. Nxe4 Bxh4 12. dxe5 dxe5 13. Nd6+ Kf8 14. Qh5 Nf6 15. Qxh4 h6 16. Nf5 Nd5 17. Bc5+ Kg8 18. Ne7+ Nxe7 19. Qxe7 Qxe7 20. Bxe7 Kh7 21. Rd7 1-0

[Event "FRA-chT U20 0405"]
[Site "France"]
[Date "2004.11.21"]
[Round "3.5"]
[White "Pierre, Alexis"]
[Black "Steil Antoni, Dario"]
[Result "0-1"]
[WhiteElo "1550"]
[BlackElo "1620"]
[PlyCount "112"]
[EventDate "2004.11.20"]
[EventType "team"]
[EventRounds "11"]
[EventCountry "FRA"]
[SourceTitle "CBM 103 Extra"]
[Source "ChessBase"]
[SourceDate "2005.01.01"]
[SourceVersion "1"]
[SourceVersionDate "2005.01.01"]
[SourceQuality "1"]

1. d4 Nf6 2. c4 e5 3. dxe5 Ng4 4. Nf3 Nc6 5. Bf4 Bb4+ 6. Nbd2 Qe7 7. a3 Ngxe5 8. e3 Nxf3+ 9. Qxf3 Bxd2+ 10. Kxd2 d6 11. Bd3 Be6 12. Ke1 0-0-0 13. Be4 Bd7 14. Bg3 Rhe8 15. Bd3 Ne5 16. Bxe5 Qxe5 17. Rb1 f5 18. Kf1 g6 19. Qd5 Bc6 20. Qxe5 dxe5 21. Bc2 Rd2 22. Rc1 Red8 23. Rg1 Rxc2 24. Rxc2 Rd1+ 25. Ke2 Rxg1 26. g3 Be4 27. Rd2 Rc1 28. f3 Bc6 29. b3 Rh1 30. h4 Rh2+ 31. Ke1 Rxd2 32. Kxd2 Bxf3 33. b4 Kd7 34. c5 Kc6 35. Kc3 Bd5 36. Kb2 h6 37. Kc2 g5 38. Kd2 f4 39. gxf4 exf4 40. exf4 gxf4 41. Ke1 Kb5 42. Kf2 Ka4 43. Kg1 Kxa3 44. Kh2 Kxb4 45. Kh3 a5 46. Kg4 f3 47. Kg3 a4 48. Kf2 a3 49. Ke3 a2 50. Kf2 a1Q 51. Kg3 Qg1+ 52. Kf4 f2 53. Ke5 Qe1+ 54. Kf4 f1Q+ 55. Kg4 Qe4+ 56. Kh5 Qff5+ 0-1

[Event "FRA-chT U20 0405"]
[Site "France"]
[Date "2004.11.21"]
[Round "2.6"]
[White "Viville, Maximilien"]
[Black "Steil Antoni, Dario"]
[Result "0-1"]
[WhiteElo "1400"]
[BlackElo "1620"]
[PlyCount "74"]
[EventDate "2004.11.20"]
[EventType "team"]
[EventRounds "11"]
[EventCountry "FRA"]
[SourceTitle "CBM 103 Extra"]
[Source "ChessBase"]
[SourceDate "2005.01.01"]
[SourceVersion "1"]
[SourceVersionDate "2005.01.01"]
[SourceQuality "1"]

1. e4 c5 2. Nf3 d6 3. d4 cxd4 4. Nxd4 Nf6 5. Nc3 g6 6. Be3 Bg7 7. Be2 0-0 8. 0-0 Nc6 9. Nxc6 bxc6 10. f3 d5 11. exd5 Nxd5 12. Nxd5 cxd5 13. c3 Bb7 14. Qd2 e5 15. Rad1 e4 16. f4 Qd7 17. Bd4 f5 18. Qe3 Bxd4 19. Rxd4 Qc6 20. Rfd1 Rad8 21. Kf2 Kg7 22. Bc4 Qe6 23. R4d2 Rfe8 24. Qd4+ Kg8 25. Ke3 g5 26. fxg5 f4+ 27. Kxf4 dxc4 28. Qxd8 Qe5+ 29. Ke3 Rxd8 30. Rxd8+ Kg7 31. R8d7+ Kg6 32. R7d6+ Kxg5 33. h4+ Kg4 34. Ke2 Kg3 35. Rh6 Bc8 36. Rxh7 Bg4+ 37. Ke1 Qf4 0-1

[Event "FRA-chT U20 0203"]
[Site "Clichy"]
[Date "2003.05.04"]
[Round "11.8"]
[White "Sarfati, Johan"]
[Black "Steil Antoni, Dario"]
[Result "0-1"]
[WhiteElo "1340"]
[BlackElo "1630"]
[PlyCount "140"]
[EventDate "2002.12.??"]
[EventType "team"]
[EventRounds "11"]
[EventCountry "FRA"]
[SourceTitle "EXT 2004"]
[Source "ChessBase"]
[SourceDate "2003.11.25"]
[SourceVersion "1"]
[SourceVersionDate "2003.11.25"]
[SourceQuality "1"]
[WhiteTeam "Montpellier"]
[BlackTeam "Vandoeuvre"]
[WhiteTeamCountry "FRA"]
[BlackTeamCountry "FRA"]

1. e4 c5 2. c3 d6 3. d4 cxd4 4. cxd4 Nc6 5. Nf3 Nf6 6. d5 Ne5 7. Nxe5 dxe5 8. Nc3 e6 9. Bg5 Be7 10. dxe6 Bxe6 11. Bb5+ Bd7 12. Bxd7+ Nxd7 13. Bxe7 Qxe7 14. Nd5 Qd6 15. Qc2 0-0 16. 0-0 Rac8 17. Qe2 Nb6 18. Nc3 Rfd8 19. Rfd1 Qg6 20. Rxd8+ Rxd8 21. Rd1 Qf6 22. Rxd8+ Qxd8 23. Qd1 Qxd1+ 24. Nxd1 Kf8 25. b3 Ke7 26. f3 Kd6 27. Nb2 Kc5 28. Kf2 Kd4 29. Ke2 Nd7 30. Kd2 b5 31. Nd1 g6 32. Ne3 Nf6 33. g4 Nd7 34. Nc2+ Kc5 35. Kc3 Nb6 36. Ne1 a5 37. Nd3+ Kd6 38. Kd2 Nd7 39. Kc3 h6 40. b4 a4 41. a3 f6 42. Kd2 Nb6 43. Nb2 Ke6 44. Ke3 f5 45. h3 Kf6 46. gxf5 gxf5 47. h4 Kg6 48. f4 exf4+ 49. Kxf4 fxe4 50. Kxe4 Kh5 51. Kd4 Nd7 52. Kd5 Kxh4 53. Kc6 Nb8+ 54. Kxb5 Kg3 55. Nc4 h5 56. Ne3 Kf4 57. Ng2+ Kg3 58. Ne3 Kf4 59. Ng2+ Kf3 60. Nh4+ Kg3 61. Nf5+ Kf4 62. Nh4 Nd7 63. Kxa4 Ne5 64. b5 Kg3 65. b6 Kxh4 66. b7 Nd7 67. Ka5 Kg5 68. Kb5 Kf6 69. Kc6 Ke6 70. a4 h4 0-1

[Event "FRA-chT U20 0203"]
[Site "Clichy"]
[Date "2003.05.03"]
[Round "9.8"]
[White "Constantinoff, Vladimir"]
[Black "Steil Antoni, Dario"]
[Result "0-1"]
[WhiteElo "1200"]
[BlackElo "1630"]
[PlyCount "68"]
[EventDate "2002.12.??"]
[EventType "team"]
[EventRounds "11"]
[EventCountry "FRA"]
[SourceTitle "EXT 2004"]
[Source "ChessBase"]
[SourceDate "2003.11.25"]
[SourceVersion "1"]
[SourceVersionDate "2003.11.25"]
[SourceQuality "1"]
[WhiteTeam "Paris NAO"]
[BlackTeam "Vandoeuvre"]
[WhiteTeamCountry "FRA"]
[BlackTeamCountry "FRA"]

1. e4 c5 2. f4 Nc6 3. Nf3 g6 4. Bb5 Qc7 5. d3 Bg7 6. Nc3 Nf6 7. 0-0 Qb6 8. e5 Ng4 9. Bxc6 bxc6 10. Ng5 d5 11. Qf3 0-0 12. Qh3 c4+ 13. Kh1 Nf2+ 14. Rxf2 Bxh3 15. Nxh3 cxd3 16. cxd3 f6 17. e6 f5 18. Re2 h6 19. g3 Rf6 20. Bd2 Qxb2 21. Rb1 Qc2 22. Rbe1 Qxd3 23. Nf2 Qa6 24. Kg1 Rb8 25. Kf1 Rxe6 26. Kg1 Rxe2 27. Nxe2 Qxa2 28. Bc3 Bxc3 29. Nxc3 Qd2 30. Rxe7 Qxc3 31. Re2 a5 32. Ra2 Qf3 33. Ra1 Rb2 34. Rf1 a4 0-1

[Event "FRA-chT U20 0203"]
[Site "Clichy"]
[Date "2003.05.02"]
[Round "8.9"]
[White "Joudelat, David"]
[Black "Steil Antoni, Dario"]
[Result "1-0"]
[WhiteElo "1630"]
[BlackElo "1260"]
[PlyCount "61"]
[EventDate "2002.12.??"]
[EventType "team"]
[EventRounds "11"]
[EventCountry "FRA"]
[SourceTitle "EXT 2004"]
[Source "ChessBase"]
[SourceDate "2003.11.25"]
[SourceVersion "1"]
[SourceVersionDate "2003.11.25"]
[SourceQuality "1"]
[WhiteTeam "Vandoeuvre"]
[BlackTeam "AECE"]
[WhiteTeamCountry "FRA"]
[BlackTeamCountry "FRA"]

1. e4 c5 2. Nf3 d6 3. d4 cxd4 4. Nxd4 Nf6 5. Nc3 g6 6. f3 Bg7 7. Be3 0-0 8. Qd2 Nc6 9. Bc4 Bd7 10. 0-0-0 Qa5 11. Bh6 Rfc8 12. Bxg7 Kxg7 13. h4 Ne5 14. Bb3 Nc4 15. Bxc4 Rxc4 16. h5 Rac8 17. hxg6 fxg6 18. g4 Rxc3 19. bxc3 Qxa2 20. Qe3 Ba4 21. Kd2 e5 22. Ne6+ Qxe6 23. Qh6+ Kf7 24. g5 Nh5 25. Qxh7+ Ke8 26. Rxh5 gxh5 27. g6 Qc4 28. Kc1 Qxc3 29. Qf7+ Kd8 30. Rxd6+ Bd7 31. Qxd7# 1-0

[Event "FRA-chT U20 0203"]
[Site "Clichy"]
[Date "2003.01.04"]
[Round "5.8"]
[White "L'Huillier, Robin"]
[Black "Steil Antoni, Dario"]
[Result "0-1"]
[WhiteElo "1330"]
[BlackElo "1009"]
[PlyCount "96"]
[EventDate "2002.12.??"]
[EventType "team"]
[EventRounds "11"]
[EventCountry "FRA"]
[SourceTitle "EXT 2004"]
[Source "ChessBase"]
[SourceDate "2003.11.25"]
[SourceVersion "1"]
[SourceVersionDate "2003.11.25"]
[SourceQuality "1"]
[WhiteTeam "Creteil"]
[BlackTeam "Vandoeuvre"]
[WhiteTeamCountry "FRA"]
[BlackTeamCountry "FRA"]

1. e4 c5 2. Nf3 d6 3. Bb5+ Bd7 4. Bxd7+ Qxd7 5. Nc3 Nc6 6. d3 Nf6 7. Bg5 g6 8. 0-0 Bg7 9. Re1 0-0 10. Qd2 h6 11. Bxh6 a6 12. Re2 b5 13. Rae1 e5 14. Bxg7 Kxg7 15. Nd5 Nxd5 16. exd5 Nb4 17. c4 Nxa2 18. b3 Nb4 19. Re4 Rh8 20. Rh4 Rxh4 21. Nxh4 Rh8 22. g3 Qg4 23. Re4 Qd7 24. Qg5 Rh5 25. Qg4 Qxg4 26. Rxg4 Nxd3 27. Re4 f5 28. Re3 Nb4 29. Re2 Rg5 30. Kf1 Rg4 31. h3 Rd4 32. Ke1 Kf6 33. Ng2 Nd3+ 34. Kf1 Nc1 35. Re1 Nxb3 36. f4 Nd2+ 37. Kf2 Nxc4 38. g4 Rxd5 39. h4 Rd2+ 40. Kg3 exf4+ 41. Nxf4 Ne5 42. h5 fxg4 43. hxg6 Rc2 44. Rd1 Rc3+ 45. Kh4 Nxg6+ 46. Nxg6 Kxg6 47. Rxd6+ Kf5 48. Rxa6 Rh3# 0-1

[Event "FRA-chT U20 0203"]
[Site "Clichy"]
[Date "2003.01.04"]
[Round "5.9"]
[White "Steil Antoni, Dario"]
[Black "Caput, Jules"]
[Result "1-0"]
[WhiteElo "1009"]
[BlackElo "1340"]
[PlyCount "57"]
[EventDate "2002.12.??"]
[EventType "team"]
[EventRounds "11"]
[EventCountry "FRA"]
[SourceTitle "EXT 2004"]
[Source "ChessBase"]
[SourceDate "2003.11.25"]
[SourceVersion "1"]
[SourceVersionDate "2003.11.25"]
[SourceQuality "1"]
[WhiteTeam "Vandoeuvre"]
[BlackTeam "Creteil"]
[WhiteTeamCountry "FRA"]
[BlackTeamCountry "FRA"]

1. e4 e5 2. Nf3 Nc6 3. d4 exd4 4. Nxd4 Nxd4 5. Qxd4 Nf6 6. Bg5 h6 7. Bxf6 gxf6 8. Bc4 Qe7 9. Nc3 Qc5 10. Qxc5 Bxc5 11. Nd5 Bd6 12. Nxf6+ Ke7 13. Nd5+ Kd8 14. 0-0-0 Rg8 15. g3 c6 16. Nf6 Rg6 17. Rxd6 Ke7 18. e5 Rg5 19. f4 Rg6 20. Rhd1 b5 21. Be2 Ba6 22. Rxd7+ Kf8 23. Rd8+ Rxd8 24. Rxd8+ Ke7 25. Rd7+ Kf8 26. Rxa7 Bc8 27. Ra8 Kg7 28. Rxc8 c5 29. Rg8# 1-0

[Event "FRA-chT U20 0203"]
[Site "Clichy"]
[Date "2003.01.04"]
[Round "6.8"]
[White "Steil Antoni, Dario"]
[Black "Gallant, Aurelien"]
[Result "0-1"]
[WhiteElo "1009"]
[BlackElo "1340"]
[PlyCount "88"]
[EventDate "2002.12.??"]
[EventType "team"]
[EventRounds "11"]
[EventCountry "FRA"]
[SourceTitle "EXT 2004"]
[Source "ChessBase"]
[SourceDate "2003.11.25"]
[SourceVersion "1"]
[SourceVersionDate "2003.11.25"]
[SourceQuality "1"]
[WhiteTeam "Vandoeuvre"]
[BlackTeam "Sautron"]
[WhiteTeamCountry "FRA"]
[BlackTeamCountry "FRA"]

1. e4 e5 2. Nf3 Nc6 3. d4 exd4 4. Nxd4 Nf6 5. Nxc6 bxc6 6. e5 Nd5 7. Bc4 Nb6 8. Bb3 Ba6 9. Nc3 Bb4 10. Bd2 0-0 11. Qf3 Qe7 12. Qg3 Rfe8 13. f4 d6 14. 0-0-0 d5 15. Qf3 Qd7 16. Qh3 Qxh3 17. gxh3 Bb7 18. Rhg1 c5 19. h4 c4 20. Ba4 Nxa4 21. Nxa4 Bxd2+ 22. Rxd2 Rad8 23. Rdg2 g6 24. h5 d4 25. Rg3 d3 26. cxd3 cxd3 27. Kd2 Re6 28. Rxd3 Rxd3+ 29. Kxd3 Kf8 30. hxg6 hxg6 31. Nc5 Ba6+ 32. Nxa6 Rxa6 33. a3 Ra4 34. Rf1 Ke7 35. Ke3 Ke6 36. Rd1 Kf5 37. Rf1 Re4+ 38. Kd3 Rxf4 39. Re1 Rf2 40. b4 Rxh2 41. Kd4 g5 42. Kd5 g4 43. Rf1+ Kg6 44. Kc6 Re2 0-1